Neotvírat!!!. Měkoučké! /
Humorný příběh tří kamarádů, na které v balíčku čeká další tajemný tvor.
Uloženo v:
| Série: | Neotvírat!!!,
část 9 |
|---|---|
| Hlavní autor: | |
| Další autoři: | , |
| Médium: | E-kniha |
| Jazyk: | Czech |
| Vydáno: |
Praha :
Dobrovský s.r.o.,
2025
|
| Edice: | Drobek
|
| Témata: | |
| Příbuzné jednotky: | Z cyklu::
Neotvírat!!! |
| Tagy: |
Žádné tagy |
| LEADER | 02575nam a2200529 i 4500 | ||
|---|---|---|---|
| 001 | 312863 | ||
| 003 | CZ PrSKC | ||
| 005 | 20260601215730.0 | ||
| 007 | ta | ||
| 008 | 251106s2025 xr a b 000 j cze | ||
| 015 | |a cnb003719205 | ||
| 020 | |a 9788027743865 |q (vázáno) : |c Kč 349,00 | ||
| 035 | |a (OCoLC)1578134252 | ||
| 040 | |a ABG001 |b cze |d ABA001 |e rda | ||
| 041 | 1 | |a cze |h ger | |
| 072 | 7 | |a 821.112.2-3 |x Německá próza, německy psaná |2 Konspekt | |
| 072 | 7 | |a 821-93 |x Literatura pro děti a mládež (beletrie) |2 Konspekt | |
| 080 | |a 821.112.2-32 |2 MRF | ||
| 080 | |a 821-93 |2 MRF | ||
| 080 | |a (0:82-32) |2 MRF | ||
| 100 | 1 | |a Habersack, Charlotte, |d 1966- |7 ola2010548502 |4 aut | |
| 240 | 1 | 0 | |a Knautschig!. |l Česky |
| 245 | 1 | 0 | |a Neotvírat!!!. |p Měkoučké! / |c Charlotte Habersack ; ilustrace Fréderic Bertrand ; překlad Iva Zündorf |
| 246 | 3 | |a Neotvírat!!! Měkoučké! | |
| 246 | 3 | 0 | |a Měkoučké! |
| 264 | 1 | |a Praha : |b Dobrovský s.r.o., |c 2025 | |
| 300 | |a 213 stran : |b ilustrace ; |c 21 cm | ||
| 336 | |a text |b txt |2 rdacontent | ||
| 337 | |a bez média |b n |2 rdamedia | ||
| 338 | |a svazek |b nc |2 rdacarrier | ||
| 490 | 1 | |a Drobek | |
| 500 | |a Přeloženo z němčiny | ||
| 520 | 2 | |a Humorný příběh tří kamarádů, na které v balíčku čeká další tajemný tvor. |b "Neotvírat!" stojí na tajemných zásilkách, které Nemo dostává poštou. Hm, to je divné! Zloděj hraček přece slíbil, že Nemovi už nic posílat nebude. Slíbil to, nebo ne? A kde je vlastně Nemův starý plyšák Bonifác Muchla Hajánek? Vždycky přece seděl na gauči v obýváku a teď ho asi někdo...ukradl! Nakladatelská anotace. Kráceno. | |
| 655 | 7 | |a německé příběhy |7 fd132944 |2 czenas | |
| 655 | 7 | |a publikace pro děti |7 fd133156 |2 czenas | |
| 655 | 9 | |a German stories |2 eczenas | |
| 655 | 9 | |a children's literature |2 eczenas | |
| 700 | 1 | |a Bertrand, Fréderic, |d 1981- |7 ola2015871441 |4 ill | |
| 700 | 1 | |a Zündorf, Iva, |d 1962- |7 jn20001227745 |4 trl | |
| 765 | 1 | |t Bitte nicht öffnen! | |
| 787 | 0 | 8 | |i Z cyklu: |t Neotvírat!!! |g 9 |
| 830 | 0 | |a Drobek | |
| 900 | |a ABA001 |b 20 | ||
| 044 | |a xr | ||
| 910 | |a RBIT002 | ||
| 998 | |d 423605 |a https://core.palmknihy.cz/api/books/423605/cover?t5arzc |b https://core.palmknihy.cz/api/books/423605/cover/400?t5arzc |c https://core.palmknihy.cz/api/books/423605/cover/50?t5arzc |e 2030-03-18 |g 216 |i 9788027743865 |j https://core.palmknihy.cz/api/books/423605/preview.epub |k https://core.palmknihy.cz/api/books/423605/preview.pdf |l |q 49 |r 1 |s https://www.palmknihy.cz/kniha/423605 |t ebook |y 2025 |z 0 |v Neotvírat! |w 9 | ||
| 999 | |d 312861 | ||